| 000 | 00965nam a2200289 i 4500 | ||
|---|---|---|---|
| 001 | bg | ||
| 003 | BPK | ||
| 005 | 20211105081144.0 | ||
| 008 | s1971 pl f f |000 0 pol | ||
| 040 | _cBPK | ||
| 041 | _apol | ||
| 080 | _a621.386 | ||
| 080 | _a548.73 | ||
| 080 | _a620.17 | ||
| 080 | _a(076) | ||
| 100 | 1 |
_aJeleńkowski, Jerzy _eAutor |
|
| 245 | 0 |
_aĆwiczenia z rentgenowskiej analizy strukturalnej / _cJerzy Jeleńkowski, Kornel Wesołowski. |
|
| 260 |
_aŁódź : _bPaństwowe Wydawnictwo Naukowe, _c1971. |
||
| 650 | 4 | _aKrystalografia rentgenowska | |
| 650 | 4 | _aDiagnostyka obrazowa techniczna | |
| 655 | 4 | _aĆwiczenia i zadania | |
| 650 | 4 | _aRadiodiagnostyka | |
| 700 | 1 |
_aWesołowski, Kornel _d(1903-1976) _eAutor |
|
| 710 | 2 |
_aPaństwowe Wydawnictwo Naukowe _4pbl. |
|
| 856 |
_uhttp://koha.tu.koszalin.pl/cgi-bin/koha/opac-detail.pl?biblionumber=1416 _yKatalog online BPK |
||
| 942 |
_cKS _2UKD |
||
| 999 |
_c1416 _d1416 |
||